Movies Quiz

Random Movies or Letter Quiz

Oscar Nominated 'C' Films Quiz Stats

 Plays Quiz not verified by Sporcle

Challenge
Share
Tweet
Score 0/20 Timer 06:00
0 Plays Today
% Correct
Casablanca
97.6%
Cars
96.8%
Cleopatra
95.8%
Chicago
95.1%
A Clockwork Orange
86.7%
The Curious Case of Benjamin Button
85.1%
Captain Phillips
83.4%
Chariots of Fire
81.9%
Cabaret
81.9%
Capote
79.4%
% Correct
Crash
72.8%
Chinatown
60.6%
The Croods
58.4%
Coal Miner's Daughter
56.6%
Cat on a Hot Tin Roof
48%
Citizen Kane
33.1%
Coming Home
30%
Cimarron
27%
Cavalcade
20.4%
Coco
18.2%

You're not logged in!

Compare scores with friends on all Sporcle quizzes.
Join for Free
OR
Log In

You Might Also Like...

Show Comments

Extras

Top Quizzes Today


Score Distribution

Your Account Isn't Verified!

In order to create a playlist on Sporcle, you need to verify the email address you used during registration. Go to your Sporcle Settings to finish the process.

Report this User

Report this user for behavior that violates our Community Guidelines.

Details: